|
|
|
|
| LEADER |
00943nam a2200241 a 4500 |
| 001 |
199505 |
| 008 |
090614s1999 nyua 000 1 eng d |
| 010 |
|
|
|a 99038109
|
| 020 |
|
|
|a 0007114532
|
| 040 |
|
|
|a DLC
|c DLC
|d DLC
|
| 082 |
0 |
0 |
|a 813/.54
|2 21
|
| 100 |
1 |
|
|a Blanchard, Ken H.
|
| 245 |
1 |
0 |
|a Leadership by the book :
|b tools to transform your workplace /
|c Ken Blanchard, Bill Hybels, and Phil Hodges.
|
| 250 |
|
|
|a 1st ed.
|
| 260 |
|
|
|a Colorado Springs, CO. :
|b WaterBrook Press ;
|a New York :
|b William Morrow;
|a London:
|b HapperCollins publishers,
|c c1999.
|
| 300 |
|
|
|a xiv, 220 p. :
|b ill. ;
|c 22 cm.
|
| 541 |
1 |
|
|e 00013343
|
| 650 |
|
0 |
|a Leadership.
|
| 700 |
1 |
|
|a Hybels, Bill.
|
| 700 |
1 |
|
|a Hodges, Phil.
|
| 852 |
4 |
|
|a Ayesha Abed Library
|j General Shelf.
|
| 999 |
|
|
|c 1536
|d 1536
|
| 952 |
|
|
|0 0
|1 0
|2 ddc
|4 0
|6 813_540000000000000_BLA
|7 0
|9 1411
|a BRACUL
|b BRACUL
|c GEN
|d 2009-06-28
|g 565.00
|l 6
|m 14
|o 813.54 BLA
|p 3010013343
|r 2025-03-24
|s 2025-02-10
|t 1
|w 2009-06-28
|y BK
|